Společnost spektáklu /

Hlavní autor: Debord, Guy, 1931-1994
Další autoři: Fulka, Josef, 1976-, Siostrzonek, Pavel
Jazyk: Čeština
Vydáno: Praha : Utopia libri, 2023
Vydání: Vydání v Utopia libri první, v češtině druhé
Témata:
moc
Fyzický popis: 196 stran ; 19 cm
Knihy
Uloženo v:
LEADER 02277nam a2200625 i 4500
001 nkc20233554662
003 CZ PrNK
005 20240205090355.0
007 ta
008 231011s2023 xr f 001 0 cze
015 |a cnb003554662 
020 |a 978-80-908192-9-0  |q (vázáno) 
035 |a (OCoLC)1420608280 
040 |a OLA001  |b cze  |d ABA001  |e rda 
041 1 |a cze  |h fre 
072 7 |a 316.3  |x Globální společnosti. Sociální struktura. Sociální skupiny  |2 Konspekt  |9 18 
080 |a 316.3  |2 MRF 
080 |a 316.462  |2 MRF 
080 |a 316.75  |2 MRF 
080 |a 316.323.6  |2 MRF 
080 |a 316.342.2  |2 MRF 
080 |a 316.6  |2 MRF 
080 |a (048.3)  |2 MRF 
100 1 |a Debord, Guy,  |d 1931-1994  |7 jo2007284439  |4 aut 
240 1 0 |a Societé du spectacle.  |l Česky 
245 1 0 |a Společnost spektáklu /  |c Guy Debord ; z francouzského originálu La societé du spectacle ... přeložili Josef Fulka a Pavel Siostrzonek 
250 |a Vydání v Utopia libri první, v češtině druhé 
264 1 |a Praha :  |b Utopia libri,  |c 2023 
300 |a 196 stran ;  |c 19 cm 
336 |a text  |b txt  |2 rdacontent 
337 |a bez média  |b n  |2 rdamedia 
338 |a svazek  |b nc  |2 rdacarrier 
504 |a Obsahuje bibliografické odkazy a rejstřík 
650 0 7 |a společnost  |7 ph116245  |2 czenas 
650 0 7 |a moc  |7 ph122929  |2 czenas 
650 0 7 |a ideologie  |7 ph121026  |2 czenas 
650 0 7 |a kapitalismus  |7 ph121442  |2 czenas 
650 0 7 |a společenské třídy  |7 ph116242  |2 czenas 
650 0 7 |a sociální psychologie  |7 ph116212  |2 czenas 
650 0 9 |a society  |2 eczenas 
650 0 9 |a power (social sciences)  |2 eczenas 
650 0 9 |a ideologies  |2 eczenas 
650 0 9 |a capitalism  |2 eczenas 
650 0 9 |a social classes  |2 eczenas 
650 0 9 |a social psychology  |2 eczenas 
655 7 |a teze  |7 fd133701  |2 czenas 
655 9 |a abstracts  |2 eczenas 
700 1 |a Fulka, Josef,  |d 1976-  |7 js20030616007  |4 trl 
700 1 |a Siostrzonek, Pavel  |7 hka2017937542  |4 trl 
910 2 |a BOA001  |b 1-1516.694 
990 |a BK 
995 |a 01 
991 |b 202401  |c NOV 
996 6 |b 2610956211  |c 1-1516.694  |l MZK  |r Sklad / do 1 hodiny  |n 3  |p p.v.  |w 001947696  |u 000010  |a 1  |e BOA001  |j MZK50  |s P 
996 7 |b 2610959978  |c 1-1516.694  |l MZK  |r Sklad / do 1 hodiny  |n 9  |p kup  |w 001947696  |u 000020  |a 1  |e BOA001  |j MZK50  |s A